[Event "Muensterland Verbandsklasse-A 0809"]
[Site "Germany"]
[Date "2009.03.28"]
[Round "8.7"]
[White "Raddatz, Uwe"]
[Black "Hinze, Dennis"]
[Result "1-0"]
[WhiteElo "1859"]
[BlackElo "1655"]
[PlyCount "51"]
[EventDate "2008.09.13"]
[EventType "team-tourn"]
[EventRounds "9"]
[EventCountry "GER"]
[SourceTitle "EXT 2010"]
[Source "ChessBase"]
[SourceDate "2010.11.25"]
[SourceVersion "1"]
[SourceVersionDate "2010.11.25"]
[SourceQuality "1"]
[WhiteTeam "Muenster SK III"]
[BlackTeam "Metelen"]
[WhiteTeamCountry "GER"]
[BlackTeamCountry "GER"]

1. Nf3 Nf6 2. g3 d5 3. Bg2 c5 4. 0-0 Nc6 5. d4 cxd4 6. Nxd4 e5 7. Nxc6 bxc6 8. c4 Qd6 9. cxd5 Nxd5 10. Nc3 Bb7 11. Qa4 Nb6 12. Qc2 Nd5 13. Rd1 Qc5 14. Qf5 f6 15. Be3 Bc8 16. Qh5+ g6 17. Bxc5 gxh5 18. Nxd5 cxd5 19. Bxd5 Rb8 20. Bxa7 Rxb2 21. Bf3 Bg4 22. Bc6+ Kf7 23. a4 Bxe2 24. Rdb1 Rc2 25. Bd5+ Kg7 26. Rb7+ 1-0

[Event "Muensterland Verbandsklasse-B 0708"]
[Site "Germany"]
[Date "2007.11.17"]
[Round "3.7"]
[White "Haas, Kai Markus"]
[Black "Hinze, Dennis"]
[Result "1-0"]
[WhiteElo "1928"]
[BlackElo "1672"]
[PlyCount "100"]
[EventDate "2007.09.15"]
[EventType "team"]
[EventRounds "9"]
[EventCountry "GER"]
[SourceTitle "EXT 2009"]
[Source "ChessBase"]
[SourceDate "2008.11.26"]
[SourceVersion "1"]
[SourceVersionDate "2008.11.26"]
[SourceQuality "1"]
[WhiteTeam "Sendenhorst"]
[BlackTeam "Metelen"]
[WhiteTeamCountry "GER"]
[BlackTeamCountry "GER"]

1. e4 e5 2. Nf3 d6 3. d4 exd4 4. Nxd4 Nf6 5. Nc3 Be6 6. Nxe6 fxe6 7. Bc4 Qe7 8. Bg5 h6 9. Bxf6 Qxf6 10. Qh5+ g6 11. Qb5+ Nd7 12. 0-0 0-0-0 13. Qa5 Nb6 14. Bd3 Kb8 15. Nb5 a6 16. Nc3 Ka7 17. Rab1 Bg7 18. Qa3 c6 19. Ne2 c5 20. c4 Nd7 21. b4 cxb4 22. Qxb4 Nc5 23. Qb6+ Ka8 24. Rfd1 Qe7 25. Bc2 Rd7 26. Nf4 Rc8 27. Qa5 g5 28. Ne2 Rc6 29. Rb5 Qd8 30. Qa3 Kb8 31. Rbb1 Ka7 32. Rb4 Rb6 33. Rb5 Kb8 34. Rbb1 Ka7 35. Qe3 Qc7 36. Nd4 Bxd4 37. Qxd4 Ka8 38. Qh8+ Ka7 39. Qxh6 Rg7 40. Qf6 Rxb1 41. Bxb1 Rg8 42. Qd4 Rd8 43. e5 d5 44. Qe3 Qb6 45. Bc2 g4 46. Rb1 d4 47. Qg5 d3 48. Rxb6 dxc2 49. Rd6 Rxd6 50. exd6 Nd3 1-0

[Event "Muensterland Verbandsklasse-A 0607"]
[Site "Germany"]
[Date "2007.03.24"]
[Round "7.8"]
[White "Hartmann, Steffen"]
[Black "Hinze, Dennis"]
[Result "1-0"]
[WhiteElo "1698"]
[BlackElo "1703"]
[PlyCount "75"]
[EventDate "2006.09.23"]
[EventType "team"]
[EventRounds "9"]
[EventCountry "GER"]
[SourceTitle "EXT 2008"]
[Source "ChessBase"]
[SourceDate "2007.11.25"]
[SourceVersion "1"]
[SourceVersionDate "2007.11.25"]
[SourceQuality "1"]
[WhiteTeam "Muenster SK IV"]
[BlackTeam "Metelen"]
[WhiteTeamCountry "GER"]
[BlackTeamCountry "GER"]

1. e4 c5 2. Nf3 Nc6 3. c3 d6 4. Bb5 Bd7 5. 0-0 a6 6. Bxc6 bxc6 7. d4 cxd4 8. cxd4 g6 9. e5 d5 10. Nc3 e6 11. Bg5 Be7 12. Bxe7 Nxe7 13. Na4 Nf5 14. Qd2 Rb8 15. Rac1 a5 16. Rc3 Rb4 17. b3 g5 18. a3 Rb5 19. Nc5 g4 20. Ne1 Bc8 21. Nc2 Rg8 22. Ne3 Nh4 23. Qd1 Qg5 24. Kh1 h5 25. Nc2 Qf5 26. Qd3 Rxc5 27. Qxf5 exf5 28. Rxc5 Ba6 29. Re1 Kd7 30. Rxa5 Bd3 31. Nb4 Be4 32. Ra7+ Ke6 33. Nxc6 Re8 34. Rxe4 dxe4 35. Nb4 Rc8 36. Ra6+ Ke7 37. Rc6 Ra8 38. Ra6 1-0

[Event "Muensterland Verbandsklasse-A 0607"]
[Site "Germany"]
[Date "2007.02.17"]
[Round "6.7"]
[White "Spoeler, Gerd"]
[Black "Hinze, Dennis"]
[Result "1/2-1/2"]
[WhiteElo "1735"]
[BlackElo "1703"]
[PlyCount "28"]
[EventDate "2006.09.23"]
[EventType "team"]
[EventRounds "9"]
[EventCountry "GER"]
[SourceTitle "EXT 2008"]
[Source "ChessBase"]
[SourceDate "2007.11.25"]
[SourceVersion "1"]
[SourceVersionDate "2007.11.25"]
[SourceQuality "1"]
[WhiteTeam "Heiden II"]
[BlackTeam "Metelen"]
[WhiteTeamCountry "GER"]
[BlackTeamCountry "GER"]

1. d4 Nf6 2. c4 e6 3. Nf3 b6 4. Bg5 Be7 5. Nc3 Bb7 6. e3 0-0 7. a3 a5 8. Be2 Na6 9. 0-0 d6 10. Rb1 Qd7 11. Qc2 c5 12. Rfd1 d5 13. dxc5 Nxc5 14. cxd5 exd5 1/2-1/2

[Event "Muensterland-ch"]
[Site "Muenster"]
[Date "2006.04.16"]
[Round "5"]
[White "Hinze, Dennis"]
[Black "Meyer, Ulrich"]
[Result "0-1"]
[WhiteElo "1700"]
[BlackElo "2173"]
[PlyCount "104"]
[EventDate "2006.04.14"]
[EventType "tourn"]
[EventRounds "7"]
[EventCountry "GER"]
[SourceTitle "EXT 2007"]
[Source "ChessBase"]
[SourceDate "2006.11.23"]
[SourceVersion "1"]
[SourceVersionDate "2006.11.23"]
[SourceQuality "1"]

1. c4 e5 2. Nc3 Nc6 3. g3 g6 4. Bg2 Bg7 5. d3 d6 6. a3 Be6 7. Bd2 Qd7 8. e3 f5 9. b4 Nf6 10. b5 Nd8 11. e4 0-0 12. exf5 Bxf5 13. Nd5 Bxd3 14. Nxf6+ Rxf6 15. Bd5+ Kh8 16. Bg5 e4 17. Bxf6 Bxf6 18. f3 Bc3+ 19. Kf2 Qg7 20. Ne2 Bxa1 21. Qxa1 Qxa1 22. Rxa1 exf3 23. Nd4 c6 24. bxc6 bxc6 25. Bxf3 Bxc4 26. Re1 Rb8 27. Bxc6 Nxc6 28. Nxc6 Rb2+ 29. Kg1 a6 30. Rd1 d5 31. Nb4 Rb3 32. Nxd5 Rxa3 33. Rd2 Rd3 34. Rxd3 Bxd3 35. Nb4 Bc4 36. Nc6 Kg7 37. Kf2 Kf6 38. Ke3 Bb5 39. Na5 Ke5 40. h4 h5 41. Nb7 Kf5 42. Na5 Kg4 43. Kf2 Bd7 44. Nc4 Be6 45. Ne3+ Kh3 46. Ng2 Bf7 47. Ne3 a5 48. Kf3 Bb3 49. Nf1 a4 50. Nd2 Bd1+ 51. Kf4 a3 52. Kg5 a2 0-1

[Event "Muensterland-ch"]
[Site "Muenster"]
[Date "2006.04.15"]
[Round "4"]
[White "Rueberg, Jobst"]
[Black "Hinze, Dennis"]
[Result "1-0"]
[WhiteElo "2242"]
[BlackElo "1700"]
[PlyCount "33"]
[EventDate "2006.04.14"]
[EventType "tourn"]
[EventRounds "7"]
[EventCountry "GER"]
[SourceTitle "EXT 2007"]
[Source "ChessBase"]
[SourceDate "2006.11.23"]
[SourceVersion "1"]
[SourceVersionDate "2006.11.23"]
[SourceQuality "1"]

1. e4 e5 2. Nf3 d6 3. d4 exd4 4. Nxd4 Nf6 5. Nc3 Be6 6. Be2 Nbd7 7. 0-0 d5 8. Nxe6 fxe6 9. exd5 exd5 10. Nxd5 c6 11. Re1 Kf7 12. Bc4 cxd5 13. Bxd5+ Nxd5 14. Qxd5+ Kg6 15. Qe4+ Kh5 16. Qf3+ Kg6 17. Qg4+ 1-0

[Event "Muensterland-ch"]
[Site "Muenster"]
[Date "2006.04.14"]
[Round "1"]
[White "Hinze, Dennis"]
[Black "Koch, Alexander"]
[Result "1/2-1/2"]
[WhiteElo "1700"]
[BlackElo "2111"]
[PlyCount "37"]
[EventDate "2006.04.14"]
[EventType "tourn"]
[EventRounds "7"]
[EventCountry "GER"]
[SourceTitle "EXT 2007"]
[Source "ChessBase"]
[SourceDate "2006.11.23"]
[SourceVersion "1"]
[SourceVersionDate "2006.11.23"]
[SourceQuality "1"]

1. Nf3 Nf6 2. g3 g6 3. Bg2 Bg7 4. c3 d5 5. d4 0-0 6. Nbd2 Nc6 7. 0-0 Rb8 8. Re1 Kh8 9. b4 Bd7 10. e4 dxe4 11. Ng5 e3 12. fxe3 e5 13. Qb3 Qe7 14. b5 Ng4 15. Nde4 Na5 16. Qa3 Qxa3 17. Bxa3 Rfe8 18. Nc5 Be6 19. d5 1/2-1/2

[Event "Muensterland-ch"]
[Site "Emsdetten"]
[Date "2005.03.06"]
[Round "1"]
[White "Hinze, Dennis"]
[Black "Koch, Alexander"]
[Result "0-1"]
[WhiteElo "1602"]
[BlackElo "2082"]
[PlyCount "73"]
[EventDate "2005.03.06"]
[EventType "tourn"]
[EventRounds "7"]
[EventCountry "GER"]
[SourceTitle "CBM 105 Extra"]
[Source "ChessBase"]
[SourceDate "2005.05.01"]
[SourceVersion "1"]
[SourceVersionDate "2005.05.01"]
[SourceQuality "1"]

1. d4 Nf6 2. c4 g6 3. Nc3 Bg7 4. e4 d6 5. Be2 0-0 6. h4 h5 7. Bg5 Nbd7 8. b4 a5 9. Rb1 axb4 10. Rxb4 c5 11. dxc5 Nxc5 12. f3 Qa5 13. Qb1 Na6 14. Rb3 Qe5 15. Nd5 Nxd5 16. cxd5 Nc5 17. Rb4 f5 18. Be3 fxe4 19. f4 Qc3+ 20. Bd2 Qg3+ 21. Kf1 Bc3 22. Bxc3 Rxf4+ 23. Nf3 exf3 24. Bxf3 Rxf3+ 25. gxf3 Qxf3+ 26. Kg1 Qg3+ 27. Kf1 Bf5 28. Qxf5 gxf5 29. Rg1 Qxg1+ 30. Kxg1 Rxa2 31. Rf4 Ne4 32. Rxf5 Nxc3 33. Rxh5 Ra4 34. Kg2 Rd4 35. Rg5+ Kh7 36. Rf5 Nxd5 37. Kf3 0-1

[Event "Muensterland Verbandsklasse-B 0203"]
[Site "Muensterland"]
[Date "2003.02.15"]
[Round "6.8"]
[White "Hinze, Dennis"]
[Black "Boenigk, Winfried"]
[Result "1-0"]
[WhiteElo "1587"]
[BlackElo "1763"]
[PlyCount "83"]
[EventDate "2002.09.28"]
[EventType "team"]
[EventRounds "9"]
[EventCountry "GER"]
[SourceTitle "EXT 2004"]
[Source "ChessBase"]
[SourceDate "2003.11.25"]
[SourceVersion "1"]
[SourceVersionDate "2003.11.25"]
[SourceQuality "1"]
[WhiteTeam "Metelen"]
[BlackTeam "Olfen"]
[WhiteTeamCountry "GER"]
[BlackTeamCountry "GER"]

1. e4 d6 2. f4 Nf6 3. d3 c5 4. Nf3 Nc6 5. c3 e6 6. Be2 Be7 7. 0-0 0-0 8. Qc2 d5 9. Ne5 d4 10. Nxc6 bxc6 11. e5 Nd5 12. c4 Nb4 13. Qa4 Qb6 14. a3 Na6 15. Bf3 Bb7 16. Nd2 f5 17. Nb3 Rac8 18. Bd2 Ba8 19. Rfb1 h6 20. Nc1 g5 21. h3 gxf4 22. Bxf4 Bg5 23. Bxg5 hxg5 24. b4 cxb4 25. axb4 Bb7 26. b5 Nc5 27. Qxa7 Qxa7 28. Rxa7 cxb5 29. Bxb7 Nxb7 30. Rxb7 bxc4 31. Rd7 Rfd8 32. Rxd8+ Rxd8 33. dxc4 d3 34. Nb3 Kf7 35. Kf2 f4 36. Nd2 Kg6 37. c5 Kf5 38. c6 Kxe5 39. c7 Rc8 40. Rc1 Kd5 41. Kf3 e5 42. Ne4 1-0